Voprosy globalizacii vysšego obrazovanija (opyt Ekonomičeskogo universiteta v Bratislave)

Otázky globalizácie vo vysokoškolskom vzdelávaní. Celoeurópske programy vzdelávania: Erazmus, Tempus. Bolonská deklarácia podpísaná aj Slovenskou republikou v r. 1999. Stratégia európskeho vzdelávacieho priestoru. Vysokoškolské vzdelávanie na Ekonomickej univerzite v Bratislave.

Uložené v:
Podrobná bibliografia
Hlavný autor: Strelková, Katarína
Médium: Kapitola
Jazyk:Russian
Predmet:
Tagy: Pridať tag
Žiadne tagy, Buďte prvý, kto otaguje tento záznam!

MARC

LEADER 00000naa$a2200000$$$4500
001 0188986
005 20240502083440.3
041 0 |a rus 
044 |a RU 
245 1 0 |a Voprosy globalizacii vysšego obrazovanija (opyt Ekonomičeskogo universiteta v Bratislave)  |c Katarína Strelková 
520 |a Otázky globalizácie vo vysokoškolskom vzdelávaní. Celoeurópske programy vzdelávania: Erazmus, Tempus. Bolonská deklarácia podpísaná aj Slovenskou republikou v r. 1999. Stratégia európskeho vzdelávacieho priestoru. Vysokoškolské vzdelávanie na Ekonomickej univerzite v Bratislave. 
610 2 0 |a vzdelávanie vysokoškolské 
610 2 0 |a školy vysoké 
610 2 0 |a univerzity 
610 2 0 |a globalizácia 
610 2 0 |a spolupráca medzinárodná 
610 2 0 |a programy študijné 
100 1 |a Strelková, Katarína